Normal view
MARC view
- Barnes, Ralph Mosser,
Entry Personal Name
001 - CONTROL NUMBER
- control field: 86107
003 - CONTROL NUMBER IDENTIFIER
- control field: NUST
005 - DATE AND TIME OF LATEST TRANSACTION
- control field: 20211208152341.0
008 - FIXED-LENGTH DATA ELEMENTS
- fixed length control field: 211208|| aca||aabn | a|a d
040 ## - CATALOGING SOURCE
- Original cataloging agency: NUST
- Transcribing agency: NUST
100 ## - HEADING--PERSONAL NAME
- Personal name: Barnes, Ralph Mosser,
- Dates associated with a name: 1900-
670 ## - SOURCE DATA FOUND
- Source citation: Work cat.: (NUST)32195: Barnes, Ralph Mosser, 1900-, Motion and Time Study :, c1980.
